Detalles MARC
| 000 -CABECERA |
| Longitud fija campo de control |
01381nam a2200373 c 4500 |
| 001 - NÚMERO DE CONTROL |
| Número de control |
50471 |
| 003 - IDENTIFICADOR DE NÚMERO DE CONTROL |
| Identificador del número de control |
ES-MaCES |
| 005 - FECHA Y HORA DE LA ÚLTIMA TRANSACCIÓN |
| Fecha y hora de la última transacción |
20210222104250.0 |
| 008 - CAMPO FIJO DE DESCRIPCIÓN FIJA--INFORMACIÓN GENERAL |
| Códigos de información de longitud fija |
180115s2016 sp o000 | spa d |
| 017 ## - NÚMERO DE REGISTRO DE DERECHOS DE AUTOR Y DEPÓSITO LEGAL |
| Número de copyright o de depósito legal |
MU 1123-2016 |
| Agencia que asigna el número |
DL |
| 020 ## - ISBN (INTERNATIONAL STANDARD BOOK NUMBER) |
| Número Internacional Normalizado para Libros (ISBN) |
9788461753062 |
| 040 ## - FUENTE DE CATALOGACIÓN |
| Centro catalogador de origen |
ES-MaCES |
| Lengua de catalogación |
spa |
| Centro transcriptor |
ES-MaCES |
| 100 1# - ENCABEZAMIENTO PRINCIPAL--NOMBRE PERSONAL |
| 9 (RLIN) |
38880 |
| Nombre de persona |
Victoria Jumilla, Francisco |
| 245 10 - MENCIÓN DE TÍTULO |
| Título |
Competitividad y cambio climático |
| Resto del título |
: informe para el Consejo Económico y Social de la Región de Murcia |
| Mención de responsabilidad, etc. |
Francisco Victoria Jumilla |
| 260 ## - PUBLICACIÓN, DISTRIBUCIÓN, ETC (PIE DE IMPRENTA) |
| Lugar de publicación, distribución, etc. |
Murcia |
| Nombre del editor, distribuidor, etc. |
Consejo Económico y Social de la Región de Murcia |
| Fecha de publicación, distribución, etc. |
2016 |
| 300 ## - DESCRIPCIÓN FÍSICA |
| Extensión |
144 p. |
| Otras características físicas |
gráf., mapas col. |
| Dimensiones |
24 cm |
| 490 1# - MENCIÓN DE SERIE |
| Mención de serie |
Colección Cuadernos |
| Designación de volumen o secuencia |
1 |
| 541 ## - NOTA DE LA FUENTE INMEDIANTE DE ADQUISICIÓN |
| Forma de adquisición |
Gratuito |
| 650 #4 - ASIENTO SECUNDARIO DE MATERIA--TÉRMINO DE MATERIA |
| Término de materia o nombre geográfico como elemento inicial |
competitividad |
| 9 (RLIN) |
28270 |
| 650 #4 - ASIENTO SECUNDARIO DE MATERIA--TÉRMINO DE MATERIA |
| Término de materia o nombre geográfico como elemento inicial |
cambio climático |
| 9 (RLIN) |
30961 |
| 650 #4 - ASIENTO SECUNDARIO DE MATERIA--TÉRMINO DE MATERIA |
| Término de materia o nombre geográfico como elemento inicial |
evaluación del impacto ambiental |
| 9 (RLIN) |
30344 |
| 650 #4 - ASIENTO SECUNDARIO DE MATERIA--TÉRMINO DE MATERIA |
| Término de materia o nombre geográfico como elemento inicial |
degradación del medio ambiente |
| 9 (RLIN) |
30722 |
| 650 #4 - ASIENTO SECUNDARIO DE MATERIA--TÉRMINO DE MATERIA |
| Término de materia o nombre geográfico como elemento inicial |
sector económico |
| 9 (RLIN) |
30015 |
| 650 #4 - ASIENTO SECUNDARIO DE MATERIA--TÉRMINO DE MATERIA |
| Término de materia o nombre geográfico como elemento inicial |
empresa |
| 9 (RLIN) |
28178 |
| 650 #4 - ASIENTO SECUNDARIO DE MATERIA--TÉRMINO DE MATERIA |
| Término de materia o nombre geográfico como elemento inicial |
familia |
| 9 (RLIN) |
27318 |
| 650 #4 - ASIENTO SECUNDARIO DE MATERIA--TÉRMINO DE MATERIA |
| Término de materia o nombre geográfico como elemento inicial |
desarrollo sostenible |
| 9 (RLIN) |
30785 |
| 650 #4 - ASIENTO SECUNDARIO DE MATERIA--TÉRMINO DE MATERIA |
| Término de materia o nombre geográfico como elemento inicial |
plan de acción |
| 9 (RLIN) |
30406 |
| 650 #4 - ASIENTO SECUNDARIO DE MATERIA--TÉRMINO DE MATERIA |
| Término de materia o nombre geográfico como elemento inicial |
Murcia (Comunidad Autónoma) |
| 9 (RLIN) |
30881 |
| 653 10 - TÉRMINO DE INDEXACIÓN--NO CONTROLADO |
| Término no controlado |
Medio ambiente |
| 710 1# - ENCABEZAMIENTO SECUNDARIO--NOMBRE CORPORATIVO |
| Nombre de entidad o nombre de jurisdicción como elemento inicial |
Consejo Económico y Social de la Región de Murcia |
| Término indicativo de función |
ed. |
| 9 (RLIN) |
2442 |
| 830 #0 - ENCABEZAMIENTO SECUNDARIO DE COLECCIÓN--TÍTULO UNIFORME |
| Título uniforme |
Colección Cuadernos (Consejo Económico y Social de la Región de Murcia) |
| Designación de volumen o secuencia |
1 |
| 9 (RLIN) |
38879 |
| 902 ## - CES. TIPO DE DOCUMENTO |
| Tipodoc (006$c Sirtex) |
LIB Libro |
| 942 ## - ELEMENTOS KOHA |
| Fuente de clasificaión o esquema |
Clasificación propia del CES |
| Koha [por defecto] tipo de item |
Monografías |
| Parte de clasificación |
Medio Ambiente |